[Event "Tournoi B"]
[Site "Lannemezan"]
[Date "2023.05.18"]
[Round "5.9"]
[White "Grimault, Stephanie"]
[Black "Flourac, Jean-Paul"]
[Result "1/2-1/2"]
[WhiteElo "1268"]
[BlackElo "1499"]
[PlyCount "67"]
[EventDate "2023.??.??"]
[WhiteTeam "l'Echiquier Toulousain"]

1. c4 Nc6 2. g3 g6 3. Nc3 Bg7 4. Bg2 d6 5. Nf3 Nf6 6. O-O O-O 7. d4 e5 8. e3
exd4 9. exd4 Re8 10. a3 Ne4 11. Nxe4 Rxe4 12. Be3 Re8 13. Rc1 Bg4 14. Qd2 Qd7
15. b4 Rab8 16. d5 Ne5 17. Nxe5 Bxe5 18. Bd4 Bh3 19. Rfd1 Bxg2 20. Kxg2 Qf5 21.
Be3 b6 22. Qc2 Qd7 23. b5 Bf6 24. Qd2 Re7 25. Bg5 Qf5 26. Bxf6 Qxf6 27. Re1
Rbe8 28. Rxe7 Rxe7 29. a4 Re5 30. Re1 Qe7 31. Re3 f6 32. h4 Rxe3 33. Qxe3 Qxe3
34. fxe3 1/2-1/2

[Event "Tournoi B"]
[Site "Lannemezan"]
[Date "2023.05.18"]
[Round "5.10"]
[White "Mallard, Jan"]
[Black "Chansat, Lucas"]
[Result "1-0"]
[WhiteElo "1009"]
[BlackElo "1199"]
[PlyCount "63"]
[EventDate "2023.??.??"]
[WhiteTeam "Le Fou Blanc de Lannemezan"]
[BlackTeam "Le Fou Blanc de Lannemezan"]

1. e4 e5 2. Nf3 Bc5 3. d3 Nc6 4. Nc3 d6 5. Be2 Nf6 6. Bg5 h6 7. Be3 b6 8. O-O
O-O 9. Re1 Bxe3 10. fxe3 Bg4 11. d4 Bh3 12. Bf1 Ng4 13. dxe5 Ngxe5 14. gxh3
Nxf3+ 15. Qxf3 b5 16. Bd3 Qg5+ 17. Qg2 b4 18. Nb5 Ne5 19. Nd4 Ng6 20. Nf3 Nh4
21. Nxh4 Qxh4 22. Rf1 c6 23. Rf3 d5 24. exd5 cxd5 25. Rg3 Qf6 26. Rf1 Qe5 27.
Rf5 Qxb2 28. Rf4 b3 29. Rfg4 bxa2 30. Rxg7+ Qxg7 31. Rxg7+ Kh8 32. Rh7# 1-0

[Event "Tournoi B"]
[Site "Lannemezan"]
[Date "2023.05.18"]
[Round "5.11"]
[White "Grillet Guellier, Lilian"]
[Black "Dang, Damien"]
[Result "0-1"]
[WhiteElo "1099"]
[BlackElo "1009"]
[PlyCount "52"]
[EventDate "2023.??.??"]
[WhiteTeam "Le Fou Blanc de Lannemezan"]
[BlackTeam "Le Fou Blanc de Lannemezan"]

1. e4 e5 2. Nf3 Nc6 3. Nc3 Nf6 4. Bc4 Bc5 5. d3 b6 6. Bg5 Bb7 7. O-O O-O 8.
Nxe5 Nxe5 9. d4 Nxc4 10. dxc5 bxc5 11. Re1 h6 12. Bc1 Re8 13. Qd3 Ne5 14. Qd2
Ng6 15. Qd3 c6 16. Qc4 Qc7 17. Qxc5 Re5 18. Qd4 c5 19. Qc4 Rae8 20. Nb5 Qa5 21.
Nc3 Nxe4 22. b3 Nxc3 23. Rxe5 Rxe5 24. h3 Re1+ 25. Kh2 Qc7+ 26. g3 Rh1# 0-1

[Event "Tournoi B"]
[Site "Lannemezan"]
[Date "2023.05.18"]
[Round "5.12"]
[White "Rigaud, Solene"]
[Black "Solo, Louis"]
[Result "1-0"]
[WhiteElo "1172"]
[BlackElo "1009"]
[PlyCount "81"]
[EventDate "2023.??.??"]
[WhiteTeam "Echiquier Vicquois"]
[BlackTeam "Le Fou Blanc de Lannemezan"]

1. d4 d5 2. Nf3 Nc6 3. Bf4 Bf5 4. Nc3 Nf6 5. e3 e6 6. Bb5 a6 7. Bxc6+ bxc6 8.
Nh4 Bd6 9. Nxf5 exf5 10. Qf3 O-O 11. O-O Bxf4 12. Qxf4 Nh5 13. Qxf5 Nf6 14. Na4
Qd6 15. Nc5 Rab8 16. Rab1 a5 17. Qd3 Ng4 18. g3 Qh6 19. h4 g5 20. f3 Nf6 21.
Rf2 g4 22. Qf5 gxf3 23. Qg5+ Qg7 24. Rxf3 Ne4 25. Nxe4 dxe4 26. Rf4 h6 27.
Qxg7+ Kxg7 28. Rxe4 a4 29. Re5 a3 30. b3 f6 31. Ra5 Rfe8 32. Kf2 Kg6 33. Rxa3
Kf5 34. Kf3 h5 35. Ra5+ Kg6 36. Rd1 f5 37. Rd3 Rb5 38. Rxb5 cxb5 39. Rc3 Rc8
40. Rc6+ Kf7 41. Kf4 1-0

[Event "Tournoi B"]
[Site "Lannemezan"]
[Date "2023.05.18"]
[Round "6.1"]
[White "Nassar, Christophe"]
[Black "Bulme, Milan"]
[Result "0-1"]
[WhiteElo "1658"]
[BlackElo "1368"]
[Annotator "Samy AIT CHAOUCHE"]
[PlyCount "72"]
[EventDate "2023.??.??"]
[WhiteTeam "Le Fou Blanc de Lannemezan"]
[BlackTeam "Club d'Echecs Pau Berlioz"]

1. e4 c5 2. Nf3 Nc6 3. d4 cxd4 4. Nxd4 e5 5. Nb5 d6 6. c4 g6 7. N1c3 a6 8. Na3
Bg7 9. Nc2 Nge7 10. Be2 O-O 11. h4 Nd4 12. h5 Nec6 13. hxg6 (13. Bd3 Be6 14.
Be3 Rc8 15. Nd5 Nxc2+ 16. Bxc2 (16. Qxc2 Bxd5 17. cxd5 Nb4 18. Qb3 Nxd3+ 19.
Qxd3 $11) 16... Nd4 17. Bd3 b5 $5 $13) 13... fxg6 14. Nd5 Nxc2+ 15. Qxc2 Nd4
16. Qd3 Be6 17. Be3 Bxd5 18. exd5 Nf5 19. O-O-O Qf6 20. Qe4 Rac8 21. Rh3 Nxe3
22. fxe3 b5 23. Rf1 Qxf1+ 24. Bxf1 Rxf1+ 25. Kd2 Rxc4 26. Qd3 Rf2+ 27. Kd1 e4
28. Qb3 Bxb2 29. Ke1 Rxg2 30. Kf1 Rd2 31. Ke1 Rdc2 32. Rh4 Rc1+ 33. Kf2 R4c2+
34. Kg3 Be5+ 35. Kg4 Rg1+ 36. Kh3 Rh2# 0-1

[Event "Tournoi B"]
[Site "Lannemezan"]
[Date "2023.05.18"]
[Round "6.2"]
[White "Bruguier, Florian"]
[Black "Garcia Del Prado, Bruno"]
[Result "1-0"]
[WhiteElo "1519"]
[BlackElo "1483"]
[PlyCount "99"]
[EventDate "2023.??.??"]
[WhiteTeam "Echiquier de Bigorre"]
[BlackTeam "Le Fou Blanc de Lannemezan"]

1. e4 e5 2. Nf3 Nc6 3. Bc4 Nf6 4. Ng5 d5 5. exd5 Na5 6. Bb5+ Bd7 7. Qe2 Be7 8.
Bxd7+ Qxd7 9. Qxe5 O-O 10. O-O Ng4 11. Qc3 Qxd5 12. Nf3 Bd6 13. h3 Ne5 14. Nxe5
Bxe5 15. d4 Bxd4 16. Qd3 Rad8 17. Nc3 Qh5 18. Be3 Bb6 19. Qb5 Qxb5 20. Nxb5
Bxe3 21. fxe3 a6 22. Nxc7 Rc8 23. Nd5 Rxc2 24. Rac1 Rxb2 25. Rc7 f6 26. Ne7+
Kh8 27. Rf5 Nc6 28. Nxc6 bxc6 29. Ra5 Rb6 30. Ra7 h6 31. R7xa6 Rxa6 32. Rxa6
Rc8 33. Kf2 Kg8 34. Ra4 Kf7 35. Kf3 Rc7 36. Rc4 Ke6 37. Ke4 f5+ 38. Kd4 Kd6 39.
Ra4 Re7 40. Ra6 Re4+ 41. Kd3 Re7 42. a4 Kd5 43. Ra8 Rb7 44. a5 Rb3+ 45. Ke2 Ra3
46. a6 Ke4 47. a7 Ra2+ 48. Ke1 Ra1+ 49. Kf2 Ra2+ 50. Kg3 1-0

[Event "Tournoi B"]
[Site "Lannemezan"]
[Date "2023.05.18"]
[Round "6.3"]
[White "Charruyer, Baptiste"]
[Black "Priu, Brice"]
[Result "1/2-1/2"]
[WhiteElo "1401"]
[BlackElo "1395"]
[PlyCount "68"]
[EventDate "2023.??.??"]
[WhiteTeam "Le Fou Blanc de Lannemezan"]
[BlackTeam "Echiquier Henri IV Pau"]

1. d4 Nf6 2. Nf3 c5 3. dxc5 e6 4. e3 Bxc5 5. Be2 O-O 6. O-O d5 7. b3 b6 8. Bb2
Ba6 9. Nc3 Bxe2 10. Nxe2 Nbd7 11. Rc1 Rc8 12. Ng3 Be7 13. Qe2 Nc5 14. Rfd1 Qd7
15. c4 Qb7 16. cxd5 Nxd5 17. Ne5 Bf6 18. Nc4 Qa6 19. Bxf6 Nxf6 20. Nd6 Qxe2 21.
Nxe2 Rcd8 22. b4 Nce4 23. Nxe4 Nxe4 24. Rd4 Rxd4 25. Nxd4 Rd8 26. f3 Nf6 27. e4
h6 28. Nc6 Rd7 29. b5 Ne8 30. a4 f6 31. Rc2 Kf7 32. Kf2 Nd6 33. Nb8 Rb7 34. Nc6
Rd7 1/2-1/2

[Event "Tournoi B"]
[Site "Lannemezan"]
[Date "2023.05.18"]
[Round "6.4"]
[White "Despaux, Axel"]
[Black "Guerin, Laurent"]
[Result "0-1"]
[WhiteElo "1287"]
[BlackElo "1587"]
[PlyCount "64"]
[EventDate "2023.??.??"]
[WhiteTeam "Echiquier de l'Armagnac"]

1. e4 e5 2. Nf3 Nc6 3. Bc4 Nf6 4. Ng5 d5 5. exd5 Na5 6. Bb5+ c6 7. dxc6 bxc6 8.
Qf3 Qc7 9. Ba4 h6 10. Ne4 Nxe4 11. Qxe4 f5 12. Qe2 Be6 13. d3 Bd6 14. Qh5+ Bf7
15. Qxf5 O-O 16. Qg4 h5 17. Qd1 Nb7 18. O-O e4 19. h3 Rad8 20. Bb3 Nc5 21.
Bxf7+ Qxf7 22. Be3 exd3 23. Nc3 Qf5 24. cxd3 Nxd3 25. Qc2 Qe5 26. g3 Bc7 27. h4
Rf3 28. Bg5 Rdf8 29. Nd1 Bb6 30. Bf4 Nxf4 31. gxf4 Qxf4 32. Qg6 Rg3+ 0-1

[Event "Tournoi B"]
[Site "Lannemezan"]
[Date "2023.05.18"]
[Round "6.5"]
[White "Pages, Philippe"]
[Black "Kallenbrunn, Philippe"]
[Result "0-1"]
[WhiteElo "1070"]
[BlackElo "1534"]
[PlyCount "54"]
[EventDate "2023.??.??"]
[WhiteTeam "L'Echiquier des gorges de l'Aveyron"]

1. e4 c6 2. b3 d5 3. exd5 cxd5 4. Bb2 Nc6 5. Nf3 Bg4 6. h3 Bxf3 7. Qxf3 a6 8.
d3 e6 9. Nd2 Nb4 10. Qd1 Nf6 11. Ba3 Qa5 12. Bxb4 Bxb4 13. Be2 Rc8 14. a4 O-O
15. f3 Rc7 16. g4 Rfc8 17. c4 Qc5 18. Kf1 Qe3 19. Nb1 Bc5 20. Qe1 b5 21. Kg2
dxc4 22. bxc4 bxc4 23. dxc4 Rb7 24. Rf1 Rb2 25. Rf2 Rcb8 26. Qd2 Qxf2+ 27. Kh1
Qg1# 0-1

[Event "Tournoi B"]
[Site "Lannemezan"]
[Date "2023.05.18"]
[Round "6.6"]
[White "Ambrosino, Adam"]
[Black "Yakovleff, Michel"]
[Result "1-0"]
[WhiteElo "1386"]
[BlackElo "1371"]
[PlyCount "51"]
[EventDate "2023.??.??"]
[WhiteTeam "La Tour de Caylus"]
[BlackTeam "Echiquier de la Basse Vallée du Lot"]

1. d4 Nf6 2. Bf4 e6 3. e3 Be7 4. h3 d6 5. Be2 Nbd7 6. Nf3 h6 7. O-O O-O 8. c3
Re8 9. Nbd2 Nf8 10. Qb3 Ng6 11. Bh2 Bf8 12. Rfd1 e5 13. dxe5 Nxe5 14. Nxe5 dxe5
15. Nf3 Qe7 16. Bxe5 b6 17. Bb5 Rd8 18. Rxd8 Qxd8 19. Rd1 Qe7 20. Bxf6 Qxf6 21.
Qd5 Rb8 22. Qd8 Bb7 23. Qxb8 Bxf3 24. Rd8 Qg6 25. Rxf8+ Kh7 26. Rh8# 1-0

[Event "Tournoi B"]
[Site "Lannemezan"]
[Date "2023.05.18"]
[Round "6.7"]
[White "Grimault, Stephanie"]
[Black "Garcia, Leon"]
[Result "1-0"]
[WhiteElo "1268"]
[BlackElo "1009"]
[PlyCount "65"]
[EventDate "2023.??.??"]
[WhiteTeam "l'Echiquier Toulousain"]
[BlackTeam "Echiquier de Bigorre"]

1. c4 e5 2. Nc3 Nc6 3. Nf3 Nf6 4. g3 Bb4 5. Qb3 Bxc3 6. Qxc3 d5 7. Nxe5 Nxe5 8.
Qxe5+ Be6 9. cxd5 Qxd5 10. Qxd5 Bxd5 11. f3 O-O-O 12. Bg2 Bc4 13. d3 Bb5 14.
O-O g5 15. Bxg5 Rd6 16. Rac1 Rg8 17. Bf4 Rd7 18. Bh3 c5 19. Rxc5+ Bc6 20. Bxd7+
Nxd7 21. Rc3 Re8 22. e4 Kd8 23. d4 Bb5 24. Rfc1 Bc6 25. d5 Bb5 26. Bd6 Nc5 27.
Bxc5 Kc8 28. Bxa7+ Kd8 29. Bb6+ Ke7 30. Rc7+ Bd7 31. e5 f6 32. Bc5+ Kd8 33. Bd6
1-0

[Event "Tournoi B"]
[Site "Lannemezan"]
[Date "2023.05.18"]
[Round "6.8"]
[White "Despaux, Denis"]
[Black "Flourac, Jean-Paul"]
[Result "1/2-1/2"]
[WhiteElo "1132"]
[BlackElo "1499"]
[PlyCount "45"]
[EventDate "2023.??.??"]
[WhiteTeam "Echiquier de l'Armagnac"]

1. e4 Nc6 2. Nf3 d5 3. exd5 Qxd5 4. Nc3 Qa5 5. d4 Bg4 6. Be2 e6 7. O-O Nf6 8.
Bd2 Bxf3 9. Ne4 Qf5 10. Nxf6+ Qxf6 11. Bxf3 Qxd4 12. Bxc6+ bxc6 13. Qf3 Qd5 14.
Qc3 Rb8 15. Bh6 Rg8 16. Be3 Bb4 17. Qb3 Qxb3 18. axb3 Ra8 19. Rxa7 Rxa7 20.
Bxa7 Ke7 21. Ra1 Bd6 22. Be3 Rb8 23. g3 1/2-1/2

[Event "Tournoi B"]
[Site "Lannemezan"]
[Date "2023.05.18"]
[Round "6.9"]
[White "Dang, Damien"]
[Black "Chatain, Philippe"]
[Result "0-1"]
[WhiteElo "1009"]
[BlackElo "1433"]
[PlyCount "40"]
[EventDate "2023.??.??"]
[WhiteTeam "Le Fou Blanc de Lannemezan"]
[BlackTeam "Le Fou Blanc de Lannemezan"]

1. d4 d5 2. c4 e6 3. Nf3 Nf6 4. Bf4 Bd6 5. Bg3 O-O 6. Nc3 a6 7. e3 c5 8. Bd3
Nc6 9. O-O Bxg3 10. hxg3 cxd4 11. exd4 dxc4 12. Bxc4 b5 13. Bd3 Nb4 14. Be4
Nxe4 15. Nxe4 Bb7 16. Re1 Rc8 17. a3 Nc2 18. Rc1 Nxe1 19. Qxe1 Rxc1 20. Qxc1
Bxe4 0-1

[Event "Tournoi B"]
[Site "Lannemezan"]
[Date "2023.05.18"]
[Round "6.10"]
[White "Hilberer, Elie"]
[Black "Gramont, Francois"]
[Result "0-1"]
[WhiteElo "1199"]
[BlackElo "1343"]
[PlyCount "56"]
[EventDate "2023.??.??"]
[WhiteTeam "Echiquier Vicquois"]
[BlackTeam "Cercle d'Echecs Aurillacois"]

1. d4 d5 2. Bf4 Nf6 3. Nc3 a6 4. Nf3 Bf5 5. e3 e6 6. Be2 Nbd7 7. O-O c5 8. Bd3
Ne4 9. Qe1 Be7 10. Rd1 h6 11. Bxe4 dxe4 12. Ne5 Nxe5 13. Bxe5 Qc8 14. Bxg7 Rg8
15. Bxh6 Bh3 16. g3 Qc6 17. d5 exd5 18. Nxd5 Qxh6 19. Nc7+ Kf8 20. Nxa8 Bg4 21.
Qc3 Bf3 22. Nb6 Qh3 23. Nd7+ Ke8 24. Nf6+ Bxf6 25. Rd8+ Bxd8 26. Qe5+ Kf8 27.
Qxc5+ Kg7 28. Qd4+ Bf6 0-1

[Event "Tournoi B"]
[Site "Lannemezan"]
[Date "2023.05.18"]
[Round "6.11"]
[White "Mallard, Jan"]
[Black "Belio, Florian"]
[Result "0-1"]
[WhiteElo "1009"]
[BlackElo "1199"]
[PlyCount "70"]
[EventDate "2023.??.??"]
[WhiteTeam "Le Fou Blanc de Lannemezan"]
[BlackTeam "Le Fou Blanc de Lannemezan"]

1. e4 e6 2. Nf3 d5 3. Nc3 d4 4. Nb5 c5 5. Bc4 a6 6. Na3 b5 7. Be2 Nc6 8. d3 e5
9. O-O Nf6 10. Bg5 h6 11. Bxf6 Qxf6 12. Re1 Be7 13. c4 b4 14. Nc2 Qg6 15. Bf1
a5 16. a3 b3 17. g3 bxc2 18. Qxc2 Bg4 19. Nh4 Bxh4 20. Qb1 Be7 21. b4 axb4 22.
axb4 O-O 23. h3 Be6 24. Ra2 Rxa2 25. Qxa2 Nxb4 26. Qb1 Bh4 27. Bg2 Bxg3 28. Rf1
Bh4 29. Kh1 Qf6 30. Rg1 Bxh3 31. Qf1 Bxg2+ 32. Rxg2 Qf3 33. Qg1 Nxd3 34. Qh2
Nxf2+ 35. Kg1 Qd1# 0-1

[Event "Tournoi B"]
[Site "Lannemezan"]
[Date "2023.05.18"]
[Round "6.13"]
[White "Solo, Louis"]
[Black "Grillet Guellier, Lilian"]
[Result "0-1"]
[WhiteElo "1009"]
[BlackElo "1099"]
[PlyCount "20"]
[EventDate "2023.??.??"]
[WhiteTeam "Le Fou Blanc de Lannemezan"]
[BlackTeam "Le Fou Blanc de Lannemezan"]

1. e4 e5 2. Nf3 Nc6 3. Bc4 Bc5 4. Ng5 Qxg5 5. d3 Qxg2 6. Nc3 Qxh1+ 7. Ke2 Nd4+
8. Ke3 Qxd1 9. Nxd1 Nxc2+ 10. Kd2 Nxa1 0-1